Loading...
| Philosophy | 0 | 6 | 0 | 0 | 60 | 41 | 56.50 | 3 | 6 | 32.56 | 54.64 |
| History - World | 0 | 6 | 0 | 0 | 60 | 16 | 53.67 | 2 | 5 | 33.99 | 48.64 |
| Literature - American | 0 | 6 | 0 | 0 | 60 | 39 | 90.50 | 1 | 3 | 22.17 | 40.58 |
| Literature - British | 0 | 5 | 0 | 1 | 50 | 74 | 82.60 | 2 | 4 | 18.34 | 40.64 |
| Literature - World/Other | 0 | 4 | 0 | 0 | 40 | 65 | 82.25 | 1 | 3 | 17.20 | 28.30 |
| Literature - European | 0 | 4 | 0 | 0 | 40 | 51 | 68.50 | 0 | 4 | 20.79 | 30.42 |
| Fine Arts - Classical Music | 0 | 4 | 1 | 0 | 35 | 43 | 62.25 | 1 | 3 | 22.20 | 33.11 |
| Fine Arts - Visual | 0 | 2 | 0 | 2 | 20 | 123 | 133.50 | 0 | 0 | 0.00 | 3.82 |
| Fine Arts - Other | 0 | 2 | 0 | 0 | 20 | 69 | 75.50 | 0 | 2 | 9.46 | 14.67 |
| Geography/Current Events | 0 | 2 | 0 | 0 | 20 | 87 | 97.50 | 0 | 1 | 8.03 | 14.44 |
| History - Other | 0 | 1 | 0 | 0 | 10 | 80 | 80.00 | 0 | 0 | 3.60 | 6.00 |
| Mythology | 0 | 1 | 1 | 0 | 5 | 124 | 124.00 | 0 | 0 | 1.01 | 3.00 |
| History - American | 0 | 1 | 2 | 0 | 0 | 97 | 97.00 | 0 | 1 | 2.24 | 7.00 |